1454 1894 1980 1689 1418 1671 1172 1029 1489 1398 1592 1750 1063 1181 1120 1169 1667 1770 1871 1586 1711 1728 1725 1474 1929 1694 1220 1499 1033 1636 1738 1728 1868 1050 1957 1028 1893 1549 1514 1831 1897 1964 1969 1400 1142 1156 1842 1284 1381 1449 1972 1004 1233 1482 1578 1189 1838 1591 1616 1809 1026 1638 1849 1577 1258 1568 1502 1094 1126 1482 1889 1177 1825 1532 1759 1197 1306 1652 1759 1384 1254 1247 1525 1492 1917 1354 1646 1531 1300 1910 1404 1843 1944 1865 1724 1719 1201 1736 1307 BCNSPRNW ULIB Ver.6.0+V

เปลี่ยนเป็นภาษาไทย

Change to English
 แสดงรายละเอียดบรรณานุกรม
  กลับหน้าหลัก

Brief Record : Get Marc (ISO 2709) : E-mail record : QR code < ปิดหน้าต่าง
LEADER : 00000nam 2200000uu 4500
001    13399122414
003     ULIB
008    130418s||||||||th 000 0 tha d
020    ^a9786110600880
090    ^aนว.^bค181 2552
100 0  ^aรวมนักเขียน
245 00 ^aความรู้สึกดีที่เรียกว่ารัก : เข็นความรักของฉันมาให้ ส่งถึงหน้าประตูหัวใจของเธอ/^cรวมนักเขียน
250    ^aพิมพ์ครั้งที่ 2
260    ^aกรุงเทพฯ :^bแจ่มใส,^c2552
300    ^a239 หน้า
710 1  ^aแจ่มใส
945    ^p149^l0^i026032
995    ^aกัณชพร
999 ^a ใช้งานได้ทุกระบบ
รายการนี้ยังไม่มีแท็ก
คุณยังไม่ได้ล็อกอิน คุณสามารถมีกิจกรรมร่วมกับเว็บไซต์ได้ แต่ต้องล็อกอินก่อน ::
  ล็อกอิน

รายการสื่อสารสนเทศ

ลำดับที่ ประเภท เลขเรียก/บาร์โค้ด สถานที่ สถานะ
1. นวนิยาย
นวนิยาย
นว. ค181 2552  
  Barcode: 026032
ห้องสมุดวิทยาเขตสวรรค์ประชารักษ์
►นวนิยาย
บนชั้น
  ขอยืม

รายการใกล้เคียง
    ผู้แต่ง [รวมนักเขียน]

BibComment


ยังไม่เคยถูกคอมเมนท์

คอมเมนท์ทรัพยากรรายการนี้
  คอมเมนท์: ความรู้สึกดีที่เ..


 Copyright 2026. Bcnsprnw @Library